000 00571nam a2200145 a 4500
001 000032769
005 20200930065825.0
008 110726s1926 dr 000 0 spa d
040 _aDO-SdBNP
_bspa
_cBNPHU
110 1 _aRepública Dominicana
_9447
245 1 0 _aInforme que al señor Secretario de Estado de Agricultura é Inmigración rinden los doctores Juan B. Pérez y Miguel Canela Lazaro jefes de la Expedición a las cabezadas del río Yaque del Norte.
260 _aSanto Domingo :
_bImp. J. R. vda. García,
_c1926.
300 _a33 p. ;
_c28 cm.
049 _aBNPD
999 _c32260
_d32260